Tyres in mining and allied sectors status and outlook / (Record no. 40662)

MARC details
000 -LEADER
fixed length control field 00636nam a22002177a 4500
005 - DATE AND TIME OF LATEST TRANSACTION
control field 20160901162035.0
010 ## - LCCN (DPL NO)
LC control number ENG-99425
020 ## - INTERNATIONAL STANDARD BOOK NUMBER
International Standard Book Number 9788184244519
Terms of availability 250.00
035 ## - SYSTEM CONTROL NUMBER
System control number EN-82957
037 ## - SOURCE OF ACQUISITION
Source of stock number/acquisition DBAD/PUB
082 ## - DEWEY DECIMAL CLASSIFICATION NUMBER
Classification number 678.32
245 ## - TITLE STATEMENT
Title Tyres in mining and allied sectors status and outlook /
Statement of responsibility, etc edited by A.K.Basu
260 ## - PUBLICATION, DISTRIBUTION, ETC. (IMPRINT)
Place of publication, distribution, etc New Delhi
Name of publisher, distributor, etc Allied Publishers
Date of publication, distribution, etc 2009
270 ## - ADDRESS
Address A-104, Mayapuri Phase-II
City New Delhi
Postal code 110064
300 ## - PHYSICAL DESCRIPTION
Extent 181p.:
Other physical details ill.
Dimensions 22cm (Hb)
500 ## - GENERAL NOTE
General note Includes index
600 ## - SUBJECT ADDED ENTRY--PERSONAL NAME
Personal name India
600 ## - SUBJECT ADDED ENTRY--PERSONAL NAME
Personal name Machinery
700 ## - ADDED ENTRY--PERSONAL NAME
Personal name Basu, A.K.
9 (RLIN) 10121
942 ## - ADDED ENTRY ELEMENTS (KOHA)
Source of classification or shelving scheme Dewey Decimal Classification
Item type English Books
Classification part 678.32
Call number suffix TYR
Holdings
Withdrawn status Lost status Not for loan Collection code Home library Current library Date acquired Source of acquisition Cost, normal purchase price Full call number Barcode Copy number Cost, replacement price Koha item type
    Not For Loan Non-fiction D.B.Act.Division D.B.Act.Division 10/08/2010 DBAD/PUB 250.00 678.32 TYR EN-82957 1 250.00 English Books

© Delhi Public Library
Hit Counter
free hit counter